[Event "AUTO-ADV-3233"]
[Site "http://www.queenalice.com/game.php?id=1306417"]
[Date "2014.9.6"]
[Round "1"]
[White "DiegoTinoco"]
[Black "silvc"]
[Result "1-0"]
[WhiteElo "1868"]
[BlackElo "1634"]

1. e4 c5 2. c3 e5 3. Nf3 d6 4. Bc4 f6 5. d3 a6 6. Be3 b5 7. Bd5 Ra7 8. Qb3 Nh6
9. Bxh6 gxh6 10. a4 Qa5 11. O-O Re7 12. Nbd2 Qb6 13. axb5 Bb7 14. Bxb7 Rxb7 15.
Nc4 Qxb5 16. Qxb5+ Rxb5 17. Nh4 Rg8 18. Nf5 Kd7 19. f4 h5 20. fxe5 fxe5 21. Ra5
Kc6 22. Rxb5 Kxb5 23. Ncxd6+ Kc6 24. Nc4 Nd7 25. Ra1 Kb7 26. Ncd6+ Ka7 27. Nc8+
Kb7 28. Nfd6+ Kc6 29. Rxa6+ Kc7 30. b4 Bxd6 31. Nxd6 cxb4 32. cxb4 Rd8 33. Nb5+
Kb7 34. Rh6 Nf8 35. Rxh5 Rxd3 36. Rxe5 Ng6 37. Rh5 Kc6 38. Rc5+ Kb6 39. Nc7 Re3
40. Nd5+ Kb7 41. Nxe3 Kb6 42. e5 Nf4 43. Nd5+ Nxd5 44. Rxd5 Kc6 45. Rd6+ Kb5 46.
e6 Kxb4 47. e7 1-0

[Event "Challenge"]
[Site "http://www.queenalice.com/game.php?id=1318843"]
[Date "2014.10.28"]
[Round "-"]
[White "gobblemate"]
[Black "silvc"]
[Result "0-1"]
[WhiteElo "1061"]
[BlackElo "1617"]

1. d4 c5 2. d5 Nf6 3. Nf3 Nxd5 4. Qxd5 e6 5. Qg5 h6 6. Qxd8+ Kxd8 7. e4 Nc6 8.
Nc3 Nb4 9. Bd3 c4 10. Bxc4 Nxc2+ 11. Ke2 Nxa1 12. Ne5 Ke8 13. Kd3 Bd6 14. Bf4 g5
0-1

[Event "Challenge"]
[Site "http://www.queenalice.com/game.php?id=1318844"]
[Date "2014.10.28"]
[Round "-"]
[White "silvc"]
[Black "gobblemate"]
[Result "1-0"]
[WhiteElo "1615"]
[BlackElo "1071"]

1. e4 c5 2. Bc4 Nc6 3. Qf3 e6 4. Ne2 Nf6 5. Nbc3 Ne5 6. Qe3 Nxc4 7. Qd3 d5 8.
exd5 exd5 9. Nxd5 Qxd5 10. Qxd5 Nxd5 11. d3 Nd6 12. O-O Be7 13. c4 Nf6 14. Re1
1-0

[Event "AUTO-ADV-3351"]
[Site "http://www.queenalice.com/game.php?id=1340183"]
[Date "2015.2.9"]
[Round "1"]
[White "Corvidae"]
[Black "silvc"]
[Result "1-0"]
[WhiteElo "1875"]
[BlackElo "1683"]

1. d4 d5 2. c4 Nf6 3. cxd5 Qxd5 4. Nc3 Qe6 5. Nf3 Nc6 6. d5 Qd6 7. e4 Bd7 8. h3
e5 9. dxc6 Bxc6 10. Qxd6 Bxd6 11. Nd2 O-O-O 12. a3 h5 13. Bc4 Rhf8 14. f3 h4 15.
b4 a6 16. Bb2 b5 17. Bb3 Nh5 18. Ne2 Nf6 19. g4 hxg3 20. Nxg3 g6 21. O-O-O Nh5
22. Nxh5 gxh5 23. Nf1 f6 24. Ne3 Rh8 25. Be6+ Bd7 26. Bxd7+ Rxd7 27. Nd5 Rh6 28.
Rhg1 Kb7 29. Kb1 c6 30. Ne3 Rhh7 31. Nf5 Bc7 32. Kc2 Bb6 33. Rxd7+ Rxd7 34. Rg7
Rxg7 35. Nxg7 Be3 36. Bc1 Bf2 37. Nxh5 Bh4 38. Ng7 Kc7 39. Nf5 Kd7 40. Nxh4 Ke7
41. Nf5+ Ke6 42. h4 Kf7 43. h5 Kg8 44. Ne7+ Kf7 45. Nxc6 Ke6 46. Be3 Kf7 47. Nb8
Ke6 48. Nxa6 Kf7 49. Nc7 Ke7 50. Nxb5 Kd7 51. h6 Kc8 52. h7 Kb7 53. h8=Q Kc6 54.
Qe8+ Kb7 55. Nd6+ Kc7 56. Bc5 f5 57. Qc8# 1-0

[Event "AUTO-ADV-3351"]
[Site "http://www.queenalice.com/game.php?id=1340184"]
[Date "2015.2.9"]
[Round "1"]
[White "silvc"]
[Black "Corvidae"]
[Result "1-0"]
[WhiteElo "1675"]
[BlackElo "1873"]

1. e4 c5 2. c4 Nc6 3. Nf3 d6 4. Nc3 Nf6 5. Be2 e6 6. Qa4 Bd7 7. Qb3 b6 8. d3 Na5
9. Qc2 h6 10. e5 dxe5 11. Nxe5 Bd6 12. Bf3 Rb8 13. Nxd7 Qxd7 14. O-O Nc6 15. Qa4
Nd4 16. Nb5 Nxb5 17. cxb5 O-O 18. Bc6 Qc7 19. g3 Nd5 20. a3 Ne7 21. Be3 Nxc6 22.
bxc6 b5 23. Qe4 Rbe8 24. h4 f5 25. Qf3 f4 26. gxf4 Bxf4 27. Qg2 Rf5 28. Rac1
Bxe3 29. fxe3 Rxf1+ 30. Kxf1 Rf8+ 31. Ke2 Qd6 32. b4 cxb4 33. axb4 Rc8 34. c7
Rxc7 35. Qa8+ Kh7 36. Rxc7 Qxc7 37. Qe4+ Kh8 38. Qxe6 Qh2+ 39. Kf3 Qxh4 40. Qe8+
Kh7 41. Qxb5 Qf6+ 42. Ke2 g6 43. Qb7+ Qg7 44. Qe4 h5 45. d4 Qd7 46. d5 Kg7 47.
Qd4+ Kf7 48. Qf4+ Qf5 49. Qc7+ Ke8 50. d6 Qd7 51. Qb8+ Qd8 52. d7+ Kxd7 53.
Qxa7+ Qc7 54. Qd4+ Kc8 55. b5 Qc2+ 56. Kf3 Qf5+ 57. Kg3 Qxb5 58. Kh4 Qd7 59.
Qc4+ Kd8 60. Qg8+ Ke7 61. Qxg6 Qe8 62. Qxe8+ Kxe8 63. Kxh5 1-0

[Event "AUTO-ADV-3351"]
[Site "http://www.queenalice.com/game.php?id=1340195"]
[Date "2015.2.9"]
[Round "1"]
[White "mascarade"]
[Black "silvc"]
[Result "0-1"]
[WhiteElo "1769"]
[BlackElo "1619"]

1. d4 d5 2. c4 Nf6 3. e3 Bf5 4. c5 a6 5. Bd3 Qd7 6. Nf3 Nc6 7. Bxf5 Qxf5 8. O-O
e5 9. dxe5 Nxe5 10. Nxe5 Qxe5 11. f4 Qh5 12. Qa4+ c6 13. b4 Be7 14. Nd2 O-O 15.
Nf3 Ne4 16. Ne5 Bf6 17. Bb2 Qe2 18. Bd4 Bh4 19. Ng4 Qxg4 20. Rab1 Nd2 0-1

[Event "AUTO-ADV-3351"]
[Site "http://www.queenalice.com/game.php?id=1340196"]
[Date "2015.2.9"]
[Round "1"]
[White "silvc"]
[Black "mascarade"]
[Result "1-0"]
[WhiteElo "1641"]
[BlackElo "1747"]

1. Nf3 d5 2. c4 e6 3. d3 dxc4 4. dxc4 Qxd1+ 5. Kxd1 Bc5 6. Nc3 Nf6 7. e3 O-O 8.
Bd2 Nc6 9. Nb5 Ne4 10. Be1 Bd6 11. Bd3 Nf6 12. h3 Be5 13. Nxe5 Nxe5 14. Nxc7 Rb8
15. Be2 Rd8+ 16. Kc2 a6 17. Ba5 Rd7 18. f4 Nc6 19. Bb6 Nh5 20. Bxh5 Nb4+ 21. Kc3
Rd6 22. c5 Rd3+ 23. Kxb4 1-0

[Event "AUTO-ADV-3351"]
[Site "http://www.queenalice.com/game.php?id=1340201"]
[Date "2015.2.9"]
[Round "1"]
[White "TITAN10"]
[Black "silvc"]
[Result "0-1"]
[WhiteElo "1808"]
[BlackElo "1661"]

1. e4 Nc6 2. Nf3 e5 3. Bb5 Qf6 4. c3 Bc5 5. Bxc6 Qxc6 6. d3 h6 7. Qe2 d6 8. b4
Bb6 9. Be3 Nf6 10. a4 a6 11. a5 Bxe3 12. Qxe3 Be6 13. O-O g5 14. h3 O-O-O 15.
Rc1 Rhg8 16. c4 g4 17. hxg4 Bxg4 18. Nh2 h5 19. f3 Bh3 20. Rc2 d5 21. Kh1 dxc4
22. Rxc4 Bxg2+ 0-1

[Event "AUTO-ADV-3351"]
[Site "http://www.queenalice.com/game.php?id=1340202"]
[Date "2015.2.9"]
[Round "1"]
[White "silvc"]
[Black "TITAN10"]
[Result "0-1"]
[WhiteElo "1711"]
[BlackElo "1819"]

1. e4 c5 2. Nc3 d6 3. h3 Nc6 4. Nf3 Nf6 5. Be2 e6 6. d4 cxd4 7. Nxd4 Be7 8. f4
e5 9. fxe5 Nxe5 10. Bf4 Bd7 11. Ncb5 a6 12. Nc3 Ng6 13. Bg5 Qc7 14. Bxf6 Bxf6
15. Qd2 O-O 16. O-O-O Bc6 17. g4 Be5 18. Qe1 Nf4 19. Nf5 Rad8 20. h4 Bxc3 21.
Qxc3 Nxe2+ 22. Kb1 Nxc3+ 23. bxc3 Bxe4 24. Nd4 Qxc3 25. Rhe1 Bc6 26. Rd3 Qb4+
27. Nb3 Rfe8 28. Red1 Re1 29. Kb2 Rxd1 30. Rxd1 Qxg4 31. Rd4 Qf5 32. Rb4 Qf6+
33. c3 Re8 34. Nd4 h6 35. Ka3 g6 36. Rb6 Re3 37. Kb4 Qd8 38. Rxc6 bxc6 39. Nxc6
Qb6+ 40. Kc4 Qxc6+ 41. Kd4 Qe4# 0-1

[Event "AUTO-INT-2980"]
[Site "http://www.queenalice.com/game.php?id=1351594"]
[Date "2015.4.4"]
[Round "1"]
[White "Danado"]
[Black "silvc"]
[Result "1-0"]
[WhiteElo "1591"]
[BlackElo "1743"]

1. e4 d5 2. exd5 Qxd5 3. Nc3 Qe5+ 4. Qe2 Nc6 5. Qxe5 Nxe5 6. h3 e6 7. a3 c6 8.
Be2 Nf6 9. Nf3 Bd6 10. Nxe5 Bxe5 11. O-O Nh5 12. Bxh5 g6 13. Bf3 b5 14. Bxc6+
Bd7 15. Bxa8 O-O 16. Re1 Bxc3 17. Bf3 Ba5 18. c3 Bc7 19. b3 f5 20. a4 Bb6 21.
axb5 Re8 22. c4 e5 23. d3 e4 24. dxe4 fxe4 25. Rxe4 Re6 26. Rxe6 Bxe6 27. Bd5
Kf7 28. Bxe6+ Kxe6 29. Kf1 Bd4 30. Ra6+ Kd7 31. Be3 Bxe3 32. fxe3 Kc8 33. Rxa7
Kb8 34. Rxh7 Kc8 35. g4 Kd8 36. e4 Ke8 37. e5 Kf8 38. e6 Kg8 39. Ra7 Kf8 40. b6
Ke8 41. b7 Ke7 42. b8=Q+ Kxe6 43. Qb5 Kf6 44. g5+ Ke6 45. Ra6+ Kf7 46. Qb7+ Kg8
47. Ra8# 1-0

[Event "AUTO-INT-2980"]
[Site "http://www.queenalice.com/game.php?id=1351595"]
[Date "2015.4.4"]
[Round "1"]
[White "silvc"]
[Black "Danado"]
[Result "1-0"]
[WhiteElo "1699"]
[BlackElo "1610"]

1. c4 e5 2. e4 Nf6 3. Nc3 c6 4. Nf3 d6 5. d4 exd4 6. Nxd4 d5 7. Bd3 Bb4 8. O-O
dxe4 9. Qe1 c5 10. Bxe4 O-O 11. Nf5 Re8 12. Qe3 Bxc3 13. Qg3 g6 14. Nh6+ Kf8 15.
Qxc3 Nxe4 16. Qh8+ Ke7 17. Qg7 Nd6 18. Bg5+ 1-0

[Event "AUTO-INT-2980"]
[Site "http://www.queenalice.com/game.php?id=1351610"]
[Date "2015.4.4"]
[Round "1"]
[White "silvc"]
[Black "botafoguense"]
[Result "0-1"]
[WhiteElo "1732"]
[BlackElo "1633"]

1. e4 d6 2. d4 c6 3. Nf3 f6 4. Nh4 Be6 5. Bd3 Qa5+ 6. Nc3 Nd7 7. O-O O-O-O 8. a3
Re8 9. b4 Qb6 10. Bd2 Qxd4 11. Qe1 Qb6 12. Be3 Qc7 13. Bxa7 g5 14. Nf5 c5 15.
Nb5 Qc6 16. Nc3 c4 17. Be2 Bxf5 18. Bf3 Ne5 19. Bh5 Bg6 20. Bxg6 hxg6 21. b5 Qc7
22. Nd5 Qd8 23. Nb6+ Kc7 24. Qa5 e6 25. Rfd1 Nh6 26. Nxc4+ Kd7 27. Qb4 Nxc4 28.
Qxc4 Qc7 29. Bc5 Kc8 30. b6 Qc6 31. Qd4 dxc5 32. Qxf6 Be7 33. Qxg6 Reg8 34. Qh5
Nf5 35. Qe2 Nd6 36. Qf3 Nxe4 37. Qf7 Re8 38. Rab1 Nc3 39. Re1 Nxb1 40. Rxe6 Qd7
41. Re5 Qd1+ 0-1

[Event "AUTO-INT-2980"]
[Site "http://www.queenalice.com/game.php?id=1351611"]
[Date "2015.4.4"]
[Round "1"]
[White "botafoguense"]
[Black "silvc"]
[Result "0-1"]
[WhiteElo "1644"]
[BlackElo "1719"]

1. d4 d5 2. g3 Bf5 3. Nc3 e6 4. Nf3 Nc6 5. a3 Nf6 6. h3 Ne4 7. h4 h6 8. Bg2 f6
9. Be3 Nxc3 10. bxc3 Bd6 11. Nd2 Qe7 12. g4 Bxg4 13. Nf3 Bxa3 14. Nh2 Bf5 15.
Qb1 O-O 16. Bc1 Bxc1 17. Qxc1 b6 18. Bf3 Na5 19. Nf1 Nc4 20. Nh2 Na3 21. Rxa3 e5
22. Bxd5+ Kh8 23. Qe3 Qxa3 24. Kd2 Rad8 25. Bb3 Rfe8 26. d5 c6 27. c4 Qa5+ 28.
c3 cxd5 29. Rc1 dxc4+ 30. Ke1 cxb3 31. Nf3 b2 32. Kf1 b1=Q 33. Rxb1 Bxb1 34. Kg2
f5 35. Qc1 Be4 36. Kh3 Bxf3 37. exf3 Rd3 38. Kg2 Qxc3 39. Qb1 e4 40. f4 e3 41.
fxe3 Rexe3 42. Qf1 Qc2+ 0-1

[Event "AUTO-INT-2980"]
[Site "http://www.queenalice.com/game.php?id=1351612"]
[Date "2015.4.4"]
[Round "1"]
[White "silvc"]
[Black "SMB51"]
[Result "1-0"]
[WhiteElo "1722"]
[BlackElo "1839"]

1. e4 e5 2. Nf3 Nc6 3. c4 Bc5 4. d3 d6 5. a3 Bg4 6. Nbd2 Nd4 7. h3 Bh5 8. g4 Bg6
9. b4 Bb6 10. Bb2 Nf6 11. Nb3 Nd7 12. Nbxd4 exd4 13. Nxd4 Qh4 14. Qf3 Ne5 15.
Qe3 O-O 16. a4 a6 17. a5 Ba7 18. O-O-O Nxg4 19. Qf4 Nxf2 20. Qxh4 Nxh1 21. Bg2
c5 22. bxc5 Bxc5 23. Bxh1 h6 24. Nb3 Be3+ 25. Kc2 Bg5 26. Qg3 Rfd8 27. e5 dxe5
28. Bxb7 Ra7 29. Qxe5 Bf6 30. Qc7 Rxb7 31. Qxb7 Bxb2 32. Kxb2 Rxd3 33. Rxd3 Bxd3
34. Qxa6 Kh7 35. Qc6 f6 36. a6 f5 37. a7 Be4 38. Qe6 h5 39. Nd2 1-0

[Event "AUTO-INT-2980"]
[Site "http://www.queenalice.com/game.php?id=1351613"]
[Date "2015.4.4"]
[Round "1"]
[White "SMB51"]
[Black "silvc"]
[Result "0-1"]
[WhiteElo "1863"]
[BlackElo "1699"]

1. e4 Nc6 2. Bc4 Nf6 3. Nc3 e6 4. d3 a6 5. Nf3 b5 6. Bb3 Bd6 7. Bg5 h6 8. Bh4 g5
9. Nxg5 hxg5 10. Bxg5 Rg8 11. h4 Bb7 12. Ne2 Qe7 13. Ng3 O-O-O 14. Nh5 Be5 15.
c3 Qd6 16. d4 Nxd4 17. Nxf6 Rg6 18. cxd4 Bxd4 19. Qe2 Bxf6 20. e5 Qb4+ 21. Bd2
Qd4 22. exf6 Qxb2 23. Rc1 Bxg2 24. Rh2 Bc6 25. Qe3 Rg1+ 26. Ke2 Rxc1 0-1

[Event "AUTO-ADV-3351"]
[Site "http://www.queenalice.com/game.php?id=1358606"]
[Date "2015.5.10"]
[Round "2"]
[White "solzhenitsyn"]
[Black "silvc"]
[Result "1-0"]
[WhiteElo "1989"]
[BlackElo "1738"]

1. d4 d5 2. c4 Nf6 3. Nf3 Nc6 4. cxd5 Nxd5 5. e3 Bf5 6. Bb5 f6 7. Nc3 Nb4 8. e4
Bd7 9. a3 e5 10. axb4 Nxb4 11. Bxd7+ Qxd7 12. d5 O-O-O 13. Rxa7 Kb8 14. Be3 b6
15. Qa4 Qxa4 16. Rxa4 Nd3+ 17. Kd2 Nxb2 18. Ra2 Nc4+ 19. Kd3 Na5 20. Rha1 Bb4
21. Nb5 Kb7 22. Bd2 Bxd2 23. Nxd2 c6 24. Nc3 f5 25. f3 Rhf8 26. Nc4 Nb3 27. Ra7+
Kb8 28. Ra8+ Kc7 29. R1a7# 1-0

[Event "AUTO-ADV-3351"]
[Site "http://www.queenalice.com/game.php?id=1358607"]
[Date "2015.5.10"]
[Round "2"]
[White "silvc"]
[Black "solzhenitsyn"]
[Result "0-1"]
[WhiteElo "1712"]
[BlackElo "2102"]

1. e4 c5 2. Bc4 e6 3. Nf3 Nc6 4. d4 cxd4 5. Nxd4 Nxd4 6. Qxd4 Bb4+ 7. c3 Bf8 8.
O-O b6 9. Bh6 Qf6 10. Qxf6 Nxf6 11. Be3 Bb7 12. Nd2 Nxe4 13. Nxe4 Bxe4 14. Rad1
Rc8 15. Bb5 Bc6 16. Ba6 Rd8 17. b4 Be7 18. a3 O-O 19. Bf4 d5 20. Rfe1 Bd6 21.
Bxd6 Rxd6 22. c4 Rfd8 23. c5 R6d7 24. Rc1 b5 25. h3 d4 26. Re2 Kf8 27. Re5 d3
28. Rd1 d2 29. f3 Rd3 30. a4 Rc3 31. axb5 Rc1 32. bxc6 Rxd1+ 33. Kh2 Re1 34. c7
Re8 35. Be2 Rxe2 36. Rxe2 d1=Q 37. Ra2 Qb3 38. Rxa7 Qxb4 39. c6 Qd6+ 40. Kg1
Qd4+ 0-1

[Event "AUTO-ADV-3351"]
[Site "http://www.queenalice.com/game.php?id=1358608"]
[Date "2015.5.10"]
[Round "2"]
[White "RobertD"]
[Black "silvc"]
[Result "1-0"]
[WhiteElo "1987"]
[BlackElo "1725"]

1. d4 d5 2. e3 Nf6 3. c4 Nc6 4. Nc3 h6 5. Nf3 Bf5 6. cxd5 Nb4 7. Bb5+ Bd7 8.
Bxd7+ Qxd7 9. e4 e6 10. dxe6 Qxe6 11. O-O O-O-O 12. Re1 Qa6 13. Ne5 Qe6 14. Nf3
Kb8 15. a3 Nc6 16. Qa4 a6 17. d5 Qe8 18. dxc6 Qxc6 19. Qxc6 bxc6 20. Ne5 Rh7 21.
Nxc6+ Kc8 22. Nxd8 Kxd8 23. Bf4 Bc5 24. Nd5 Ng4 25. Bxc7+ Kc8 26. Bb6 Bd6 27. g3
g5 28. Rac1+ Kb7 29. Bd4 f6 30. h3 Ne5 31. Bxe5 Bxe5 32. f4 gxf4 33. gxf4 Bd4+
34. Kh2 Rg7 35. Rc4 Ba7 36. Nxf6 Bf2 37. Rf1 Bh4 38. Nh5 Rf7 39. f5 Kb6 40. f6
Kb5 41. b3 a5 42. Rf5+ Kb6 43. e5 Rd7 44. Nf4 Rd2+ 45. Ng2 Rb2 46. e6 Rxb3 47.
Nxh4 Rxa3 48. f7 Re3 49. f8=Q Rxe6 50. Qb8+ Ka6 51. Ra4 Rb6 52. Rfxa5# 1-0

[Event "AUTO-ADV-3351"]
[Site "http://www.queenalice.com/game.php?id=1358609"]
[Date "2015.5.10"]
[Round "2"]
[White "silvc"]
[Black "RobertD"]
[Result "0-1"]
[WhiteElo "1732"]
[BlackElo "1962"]

1. e4 c5 2. Nc3 e6 3. Nf3 Nf6 4. h3 d5 5. d4 dxe4 6. Ne5 Qxd4 7. Nc4 Qxd1+ 8.
Nxd1 Nd5 9. Bd2 Nc6 10. Nde3 f5 11. g3 Nd4 12. O-O-O b6 13. Nxd5 exd5 14. Ne5
Bd6 15. Bf4 g5 16. c3 gxf4 17. cxd4 fxg3 18. fxg3 a6 19. Be2 Bxe5 20. dxe5 Bb7
21. Bh5+ Ke7 22. Rhf1 Rhf8 23. g4 f4 24. a3 e3 25. g5 Ke6 26. g6 hxg6 27. Bg4+
Kxe5 28. Kc2 d4 29. Rg1 f3 30. Rh1 e2 31. Rde1 f2 32. Rxe2+ Be4+ 33. Kd2 f1=Q
34. Rxf1 Rxf1 35. Bd7 Raf8 36. Bc6 R8f4 37. Bb7 a5 38. Ba6 R1f2 39. Rxf2 Rxf2+
40. Ke1 Rxb2 41. a4 Rh2 42. Bc8 Kf4 43. Kf1 d3 44. Kg1 Rg2+ 45. Kf1 d2 46. Bg4
Rxg4 47. Ke2 Rg2+ 48. Kf1 d1=Q# 0-1

[Event "Challenge"]
[Site "http://www.queenalice.com/game.php?id=1359171"]
[Date "2015.5.12"]
[Round "-"]
[White "silvc"]
[Black "JORAM2205"]
[Result "1-0"]
[WhiteElo "1721"]
[BlackElo "1736"]

1. e4 e5 2. c4 Nc6 3. Nf3 Bc5 4. a3 Nf6 5. b4 Be7 6. Nc3 h6 7. d4 Bd6 8. c5 Be7
9. d5 Nb8 10. Nxe5 d6 11. cxd6 cxd6 12. Nc4 Bd7 13. Be2 Ng4 14. Bxg4 h5 15. Bxh5
g6 16. Bg4 Bb5 17. Nxb5 b6 18. e5 dxe5 19. O-O Nd7 20. d6 Bf6 21. Nc7+ Kf8 22.
Nxa8 Qxa8 23. Bxd7 e4 24. Ra2 b5 25. Bxb5 Kg7 26. Nd2 Qd5 27. Bc4 Qd4 28. Re1
Qxd6 29. Nxe4 Qxh2+ 30. Kf1 Qh1+ 31. Ke2 Qxg2 32. Nxf6 Qc6 33. Qd5 Qb6 34. Qxf7#
1-0

[Event "AUTO-INT-2980"]
[Site "http://www.queenalice.com/game.php?id=1371469"]
[Date "2015.7.13"]
[Round "2"]
[White "PROFALEXANDRE"]
[Black "silvc"]
[Result "1-0"]
[WhiteElo "1684"]
[BlackElo "1702"]

1. e4 e5 2. Nf3 Nc6 3. Bb5 Qf6 4. Bxc6 Qxc6 5. Nxe5 Qxe4+ 6. Qe2 Qxg2 7. Nc4+
Ne7 8. Rf1 d6 9. Nc3 Be6 10. Ne3 Qxh2 11. d4 Bh3 12. Bd2 Bxf1 13. Qxf1 Qh5 14.
Ne4 Qg6 15. f3 d5 16. Nc5 Nf5 17. Nxd5 O-O-O 18. Nf4 Qg3+ 19. Kd1 Nxd4 20. Na4
Nxf3 21. Nd3 Be7 22. Kc1 Nxd2 23. Kxd2 Bg5+ 24. Kc3 Qd6 25. Qf5+ Kb8 26. Nac5
Bf6+ 27. Kd2 Qh2+ 28. Ke1 Rhe8+ 29. Kd1 Qe2+ 30. Kc1 Qe3+ 31. Kb1 Qg1+ 32. Nc1
Qd4 33. c3 Qe5 34. Nd7+ Rxd7 35. Qxd7 Rd8 36. Qa4 Qf5+ 37. Qc2 Qxc2+ 38. Kxc2
Bg5 39. Nb3 b6 40. a4 c5 41. a5 h5 42. Ra4 1-0

[Event "AUTO-INT-2980"]
[Site "http://www.queenalice.com/game.php?id=1371470"]
[Date "2015.7.13"]
[Round "2"]
[White "silvc"]
[Black "PROFALEXANDRE"]
[Result "1-0"]
[WhiteElo "1678"]
[BlackElo "1701"]

1. e4 e5 2. Nc3 a6 3. Nf3 d6 4. d4 Bg4 5. h3 Bh5 6. g4 Bg6 7. d5 Nf6 8. Bd3 h6
9. Be3 c6 10. Nh4 Bh7 11. Qf3 Be7 12. g5 hxg5 13. Bxg5 Nfd7 14. Bxe7 Qxe7 15.
Nf5 Qf6 16. dxc6 Nxc6 17. Rg1 Bxf5 18. Nd5 Bxe4 19. Bxe4 Qxf3 20. Bxf3 Nd4 21.
O-O-O Nxf3 22. Rxg7 b5 23. Rg3 e4 24. Nc7+ Ke7 25. Nxa8 Rxa8 26. Rg4 Nc5 27. b4
Ne5 28. Rf4 Ne6 29. Rxe4 f5 30. Rh4 Ng5 31. Rh6 Nef7 32. Re1+ Kd7 33. Rf6 Rf8
34. h4 Nh7 35. Rxf5 Kc7 36. Re7+ Kd8 37. Rexf7 Rxf7 38. Rxf7 Nf6 39. Rxf6 Kd7
40. h5 Ke7 41. Rf3 d5 42. h6 Ke6 43. h7 1-0

[Event "AUTO-INT-2980"]
[Site "http://www.queenalice.com/game.php?id=1371473"]
[Date "2015.7.13"]
[Round "2"]
[White "silvc"]
[Black "LuisGabriel_HD"]
[Result "0-1"]
[WhiteElo "1685"]
[BlackElo "1913"]

1. e4 e5 2. Nf3 Nc6 3. Nc3 Bb4 4. a3 Bxc3 5. dxc3 Nf6 6. Bg5 O-O 7. Bc4 d6 8.
Bxf6 Qxf6 9. Qd3 Re8 10. g3 Bg4 11. Nh4 a6 12. h3 Bh5 13. g4 Qxh4 14. Qf3 Bg6
15. O-O-O h5 16. Bd5 a5 17. Rdf1 Ra6 18. gxh5 Bxh5 19. Qd3 Rb8 20. Bxc6 Rxc6 21.
Qb5 Qxe4 22. Re1 Qf4+ 23. Kb1 Bg6 24. Qxa5 Qxf2 25. Rc1 Qb6 26. Qxb6 Rxb6 27. b4
c5 28. Kb2 cxb4 29. cxb4 Rc8 30. c3 e4 31. h4 Bh5 32. Rce1 Bf3 33. Rh3 Rbc6 34.
Re3 d5 35. b5 Rc5 36. a4 Rc4 37. Kb3 d4 38. cxd4 Rxd4 0-1

[Event "AUTO-INT-2980"]
[Site "http://www.queenalice.com/game.php?id=1371474"]
[Date "2015.7.13"]
[Round "2"]
[White "LuisGabriel_HD"]
[Black "silvc"]
[Result "1-0"]
[WhiteElo "1912"]
[BlackElo "1710"]

1. e4 e5 2. Nf3 Nc6 3. Bb5 Qf6 4. d3 h6 5. Nc3 Bb4 6. O-O Bxc3 7. bxc3 Nge7 8.
d4 a6 9. Bxc6 Nxc6 10. d5 Na5 11. Qd3 O-O 12. Rd1 d6 13. h3 Bd7 14. c4 b5 15. c5
Nc4 16. c6 Bc8 17. a4 Nb6 18. axb5 axb5 19. Rxa8 Nxa8 20. Qxb5 Nb6 21. Be3 Bxh3
22. Bxb6 Qg6 23. g3 Qxe4 24. Rd3 cxb6 25. Qxb6 Qe2 26. Qb1 e4 27. Re3 Qc4 28.
Qd1 exf3 29. Rxf3 Ra8 30. Rb3 Qe4 31. Qf3 Qxf3 32. Rxf3 g5 33. Rf6 Kg7 34. Rxd6
Ra5 35. f3 Rc5 36. Kh2 1-0

[Event "Challenge"]
[Site "http://www.queenalice.com/game.php?id=1406676"]
[Date "2016.1.29"]
[Round "-"]
[White "silvc"]
[Black "Marcelin07"]
[Result "0-1"]
[WhiteElo "1695"]
[BlackElo "1727"]

1. c4 e5 2. e4 Nf6 3. Nf3 Bd6 4. Be2 h6 5. Nc3 c6 6. a3 g5 7. d4 Qe7 8. d5 Bc5
9. b4 Bxf2+ 10. Kxf2 a5 11. Be3 Ng4+ 12. Kg1 Nxe3 13. Qd2 Ng4 14. c5 d6 15. dxc6
bxc6 16. cxd6 Qa7+ 17. Kf1 Qf2# 0-1